| 000 | 00656nam a22001575i 4500 | ||
|---|---|---|---|
| 001 | 162525 | ||
| 003 | ES-MaACL | ||
| 005 | 20230906212539.0 | ||
| 008 | 991213s1818 fr |||| | fre d | ||
| 040 |
_aCAM _bspa _cCAM |
||
| 100 | 1 |
_aPradt, Dominique Dufour _cBaron de ( _d1759-1837) _9131340 |
|
| 245 | 1 | 4 |
_aLes quatre concordats _b: suivis de considérations sur le gouvernement de l'église en général et sur l'église de France en particulier depuis 1515 / _cpar De Pradt. |
| 260 |
_aParis : _bF. Béchet libraire-éditeur ; _aBruxelles : _bLecharlier libraire, _c1818. |
||
| 300 |
_a3 v. ; _c20 cm. |
||
| 852 |
_aES-MaACL _jG-10256-58 _z-- Enc. hol. |
||
| 999 |
_c162525 _d162525 |
||